Гидравлика, водоснабжение и канализация: учебник для вузов

Detalles Bibliográficos
Outros autores: Калицун В. И. Виктор Иванович, Кедров В. С. Владимир Сергеевич, Ласков Ю. М. Юрий Михайлович, Сафонов П. В. Павел Васильевич
Summary:Рассмотрены основные законы гидравлики и их практическое применение, вопросы современного проектирования, строительства и эксплуатации систем водоснабжения и канализации населенных пунктов, схемы, методы расчета и особенности внутренних санитарно-технических устройств здании и отдельных объектов Материал дополнен новыми техническими решениямиУчебник для студентов обущающихся по направлениям подготовки бакалавриата и магистратуры.
Idioma:ruso
Publicado: Москва, Интеграл, 2013
Edición:3-е изд., перераб. и доп.
Subjects:
Formato: Libro
KOHA link:https://koha.lib.tpu.ru/cgi-bin/koha/opac-detail.pl?biblionumber=232342

MARC

LEADER 00000nam0a2200000 4500
001 232342
005 20231101231149.0
035 |a (RuTPU)RU\TPU\book\253379 
035 |a RU\TPU\book\35907 
090 |a 232342 
100 |a 20011210d2013 m y0rusy50 ca 
101 0 |a rus 
102 |a RU 
105 |a a j 000zy 
200 1 |a Гидравлика, водоснабжение и канализация  |e учебник для вузов  |f В. И. Калицун [и др.] 
205 |a 3-е изд., перераб. и доп. 
210 |a Москва  |c Интеграл  |d 2013 
215 |a 359 с.  |c ил. 
330 |a Рассмотрены основные законы гидравлики и их практическое применение, вопросы современного проектирования, строительства и эксплуатации систем водоснабжения и канализации населенных пунктов, схемы, методы расчета и особенности внутренних санитарно-технических устройств здании и отдельных объектов Материал дополнен новыми техническими решениямиУчебник для студентов обущающихся по направлениям подготовки бакалавриата и магистратуры. 
488 1 |0 (RuTPU)RU\TPU\book\35907  |t Гидравлика, водоснабжение и канализация  |o учебное пособие  |f В. И. Калицун, В. С. Кедров, Ю. М. Ласков, П. В. Сафонов  |e 3-е изд., перераб. и доп.  |c М.  |n Стройиздат  |d 1980  |p 359 с. 
520 1 |a Основы гидравлики, водоснабжения и канализации 
606 1 |a Гидравлика  |2 stltpush  |3 (RuTPU)RU\TPU\subj\6462  |9 34344 
606 1 |a Водопроводно-канализационное хозяйство  |2 stltpush  |3 (RuTPU)RU\TPU\subj\2912  |9 31409 
610 1 |a гидростатика 
610 1 |a водоснабжение 
610 1 |a канализация 
610 1 |a проектирование 
610 1 |a схемы 
610 1 |a расчеты 
610 1 |a технические решения 
610 1 |a гидродинамика 
610 1 |a жидкости 
610 1 |a движение 
610 1 |a напорные трубопроводы 
610 1 |a открытые русла 
610 1 |a грунтовые воды 
610 1 |a водопроводные сети 
610 1 |a водозаборные сооружения 
610 1 |a водоподъемные сооружения 
610 1 |a вода 
610 1 |a очистка 
610 1 |a обеззараживание 
610 1 |a канализационные сети 
610 1 |a водостоки 
610 1 |a сточные воды 
610 1 |a перекачка 
610 1 |a осадки 
610 1 |a здания 
610 1 |a санитарно-техническое оборудование 
610 1 |a монтаж 
610 1 |a эксплуатация 
610 1 |a специальные сооружения 
610 1 |a учебники 
675 |a 532(075.8)  |v 3 
675 |a 628.1/.2(075.8)  |v 3 
701 1 |a Калицун  |b В. И.  |g Виктор Иванович 
701 1 |a Кедров  |b В. С.  |g Владимир Сергеевич 
701 1 |a Ласков  |b Ю. М.  |g Юрий Михайлович 
701 1 |a Сафонов  |b П. В.  |g Павел Васильевич 
801 1 |a RU  |b 63413507  |c 20130212 
801 2 |a RU  |b 63413507  |c 20150514  |g RCR 
942 |c BK 
959 |a 32/20130212  |d 7  |e 840,00  |f ЧЗТЛ:1  |f АНЛ:1  |f УФ:5